000 00632nam a2200205Ia 4500
003 GCL
008 140319s9999 xx 000 0 ara d
040 _aGCL /
_cGCL
082 0 4 _a398.2
_bد ح
100 1 _aنبيلة ابراهيم
245 1 0 _aالحكاية الخرافية : نشأتها - مناهج دراستها - فنيتها /
_cنبيلة ابراهيم
700 1 _aديرلاين، فردريش فون
700 1 _aعزالدين اسماعيل
300 _a258 ص
490 _a
650 0 4 _aالخرافات
650 0 4 _aالقصص الخرافية
650 0 4 _aالاساطير
942 _2ddc
_cBK
999 _c39774
_d39774